[Event "Managua Hurtado Memorial 22nd"]
[Site "Managua"]
[Date "2022.12.30"]
[Round "9"]
[White "Lovo, Nicolas"]
[Black "Ortiz, Heriberto"]
[Result "1-0"]
[WhiteElo "1857"]
[BlackElo "1797"]
[PlyCount "101"]
[EventDate "2022.12.26"]
[EventType "swiss"]
[EventRounds "9"]
[EventCountry "NCA"]
[SourceTitle "CBM 212 Extra"]
[Source "ChessBase"]
[SourceDate "2023.03.31"]
[SourceVersion "1"]
[SourceVersionDate "2023.03.31"]
[SourceQuality "1"]

1. c4 Nf6 2. Nc3 g6 3. g3 Bg7 4. Bg2 c5 5. Nf3 Nc6 6. 0-0 0-0 7. d4 cxd4 8. Nxd4 Qb6 9. Nc2 d6 10. b3 Bg4 11. Bb2 Qa5 12. Ne3 Qh5 13. Nxg4 Nxg4 14. h3 Nge5 15. e3 Qf5 16. e4 Qc8 17. Qd2 a5 18. Nd5 Qd8 19. f4 Nd7 20. Bxg7 Kxg7 21. Kh2 e6 22. Nc3 Nc5 23. Nb5 a4 24. b4 Na6 25. a3 Qf6 26. Nxd6 Qd4 27. Qxd4+ Nxd4 28. e5 Nc7 29. Bxb7 Rab8 30. Be4 Rfd8 31. Rf2 f5 32. Bc2 Ra8 33. Kg2 h6 34. Rd2 Nc6 35. Rad1 Kf8 36. Nb7 Rxd2+ 37. Rxd2 Ke7 38. Nc5 Rd8 39. Rxd8 Kxd8 40. Bxa4 Nd4 41. Bd1 g5 42. Kf2 Kc8 43. Ke3 Nc6 44. Ba4 Nd8 45. Bd7+ Kb8 46. Kd4 Ka7 47. a4 gxf4 48. gxf4 Na6 49. Nxa6 Kxa6 50. Kc5 Kb7 51. Kd6 1-0

[Event "Managua Hurtado Memorial 22nd"]
[Site "Managua"]
[Date "2022.12.29"]
[Round "6"]
[White "Lovo, Nicolas"]
[Black "Castillo, Rommel"]
[Result "1/2-1/2"]
[WhiteElo "1857"]
[BlackElo "1906"]
[PlyCount "90"]
[EventDate "2022.12.26"]
[EventType "swiss"]
[EventRounds "9"]
[EventCountry "NCA"]
[SourceTitle "CBM 212 Extra"]
[Source "ChessBase"]
[SourceDate "2023.03.31"]
[SourceVersion "1"]
[SourceVersionDate "2023.03.31"]
[SourceQuality "1"]

1. c4 c5 2. Nc3 Nc6 3. g3 g6 4. Bg2 Bg7 5. Nf3 d6 6. 0-0 e6 7. e3 Nge7 8. d4 0-0 9. b3 b6 10. Bb2 Bb7 11. Qd2 a6 12. Rfd1 Qc7 13. dxc5 dxc5 14. Qd7 Rac8 15. Qxc7 Rxc7 16. Rd2 Rd8 17. Rad1 Rxd2 18. Rxd2 h6 19. Na4 Bxb2 20. Rxb2 Nc8 21. Rd2 Kf8 22. Nc3 Ke7 23. Kf1 b5 24. cxb5 axb5 25. Nxb5 Ba6 26. a4 N6a7 27. Ne5 Nxb5 28. axb5 Bxb5+ 29. Ke1 Ra7 30. Nc6+ Bxc6 31. Bxc6 Nb6 32. Ke2 Ra3 33. Rd3 f5 34. h4 g5 35. hxg5 hxg5 36. e4 Ra2+ 37. Ke3 c4 38. bxc4 Nxc4+ 39. Kd4 Na5 40. Ba8 Ra4+ 41. Kc5 fxe4 42. Re3 Nb3+ 43. Rxb3 Rxa8 44. Kd4 Ra2 45. Ke3 g4 1/2-1/2

[Event "FISU World University"]
[Site "Tornelo INT"]
[Date "2020.10.27"]
[Round "5.32"]
[White "Lovo, Nicolas"]
[Black "Alharari, Mohammed Alsouri"]
[Result "0-1"]
[WhiteElo "1756"]
[BlackElo "2018"]
[PlyCount "106"]
[EventDate "2020.10.26"]
[EventType "team-swiss (rapid)"]
[EventRounds "9"]
[EventCountry "NET"]
[SourceTitle "CBM 199 Extra"]
[Source "ChessBase"]
[SourceDate "2021.01.31"]
[SourceVersion "1"]
[SourceVersionDate "2021.01.31"]
[SourceQuality "1"]
[WhiteTeam "Honduras"]
[BlackTeam "Libya"]
[WhiteTeamCountry "HON"]
[BlackTeamCountry "LBY"]

1. c4 Nf6 2. Nc3 e6 3. e4 d6 4. d4 Be7 5. Nf3 0-0 6. Be2 c5 7. 0-0 cxd4 8. Nxd4 Nc6 9. Be3 a6 10. Qd2 Qc7 11. f4 Nd7 12. f5 Nxd4 13. Bxd4 Bf6 14. Bxf6 Nxf6 15. Rad1 exf5 16. exf5 Qc5+ 17. Qd4 Bd7 18. Kh1 Rac8 19. Qxd6 Bxf5 20. Qxc5 Rxc5 21. b4 Re5 22. Bf3 Bg4 23. h3 Bxf3 24. Rxf3 Rfe8 25. Rfd3 h6 26. a4 Kf8 27. b5 Rc5 28. Nd5 Ne4 29. Kg1 Rxc4 30. bxa6 bxa6 31. Rd4 Rxd4 32. Rxd4 Ng3 33. Rc4 Rd8 34. Nb4 a5 35. Nc6 Rd5 36. Kf2 Nf5 37. g4 Nd6 38. Rc2 Rc5 39. Rxc5 Ne4+ 40. Ke3 Nxc5 41. Nxa5 Nxa4 42. Nc4 Ke7 43. Kd4 Kf6 44. h4 g6 45. Kd5 Nc3+ 46. Kd4 Ne2+ 47. Ke3 Nc3 48. Kd4 Nb5+ 49. Ke4 Nc7 50. Nd6 Ke7 51. Nc4 Ke6 52. Ne5 f5+ 53. gxf5+ gxf5+ 0-1

[Event "Managua Hurtado Memorial 19th"]
[Site "Managua"]
[Date "2019.12.30"]
[Round "9"]
[White "Castillo Sevilla, Ian Eiffel"]
[Black "Lovo, Nicolas"]
[Result "1-0"]
[WhiteElo "2066"]
[BlackElo "1760"]
[PlyCount "31"]
[EventDate "2019.12.26"]
[EventType "swiss"]
[EventRounds "9"]
[EventCountry "NCA"]
[SourceTitle "CBM 195 Extra"]
[Source "ChessBase"]
[SourceDate "2020.05.31"]
[SourceVersion "1"]
[SourceVersionDate "2020.05.31"]
[SourceQuality "1"]

1. d4 Nf6 2. Bf4 d5 3. e3 e6 4. Nf3 Bd6 5. Ne5 Nbd7 6. Nd2 0-0 7. Bd3 Qe7 8. Qf3 c5 9. c3 Re8 10. g4 Nf8 11. Qg3 Rd8 12. h4 cxd4 13. exd4 Bd7 14. h5 Be8 15. g5 N6d7 16. Nc6 1-0

[Event "Managua Hurtado Memorial 19th"]
[Site "Managua"]
[Date "2019.12.28"]
[Round "4"]
[White "Lovo, Nicolas"]
[Black "Godoy Barbosa, Jaime"]
[Result "0-1"]
[WhiteElo "1760"]
[BlackElo "1483"]
[PlyCount "160"]
[EventDate "2019.12.26"]
[EventType "swiss"]
[EventRounds "9"]
[EventCountry "NCA"]
[SourceTitle "CBM 195 Extra"]
[Source "ChessBase"]
[SourceDate "2020.05.31"]
[SourceVersion "1"]
[SourceVersionDate "2020.05.31"]
[SourceQuality "1"]

1. c4 g6 2. Nc3 Bg7 3. g3 d6 4. Bg2 f5 5. d3 Nf6 6. e3 0-0 7. Nge2 c6 8. 0-0 Na6 9. Rb1 Nc7 10. b4 Kh8 11. b5 cxb5 12. Nxb5 a6 13. Nbc3 Rb8 14. a4 Ne6 15. d4 Qc7 16. Rb4 Nd8 17. d5 Nd7 18. Nd4 Nc5 19. Nce2 Qd7 20. Nf4 a5 21. Rb5 b6 22. Ba3 Ba6 23. Rb1 Bxc4 24. Re1 Qxa4 25. Qxa4 Nxa4 26. Rec1 Ba6 27. Nde6 Nxe6 28. Nxe6 Rfc8 29. Rc6 Bf6 30. Rbc1 Kg8 31. Bf1 Rxc6 32. dxc6 Bxf1 33. Kxf1 Kf7 34. Nd4 Rc8 35. Nb5 Nc5 36. c7 Ke6 37. Ke2 Kd7 38. Bxc5 bxc5 39. Kd3 Ra8 40. Kc4 Be5 41. f4 d5+ 42. Kxd5 Bxc7 43. Rxc5 e6+ 44. Kc4 Bb6 45. Re5 Rc8+ 46. Kb3 Rc5 47. Rxc5 Bxc5 48. Ka4 Bxe3 49. Kxa5 Bg1 50. h3 Bh2 51. g4 fxg4 52. hxg4 Bxf4 53. Kb4 e5 54. Kc4 Ke6 55. Kd3 Kf6 56. Ke4 Kg5 57. Kf3 Kh4 58. Nc3 g5 59. Ne4 h5 60. gxh5 g4+ 61. Kg2 Kxh5 62. Nf2 Kh4 63. Ne4 g3 64. Nc3 Kg4 65. Ne4 Kf5 66. Nd6+ Ke6 67. Ne4 Kd5 68. Nc3+ Kd4 69. Ne2+ Ke3 70. Nc3 Kd3 71. Nd5 Kd4 72. Nb4 e4 73. Nc2+ Kd3 74. Ne1+ Kd2 75. Kf1 Kd1 76. Ng2 Bd2 77. Nh4 e3 78. Kg2 Be1 79. Kf3 Bf2 80. Ng2 e2 0-1

[Event "Managua Hurtado Memorial 19th"]
[Site "Managua"]
[Date "2019.12.26"]
[Round "1"]
[White "Giron, Jorge Ernesto"]
[Black "Lovo, Nicolas"]
[Result "1-0"]
[WhiteElo "2236"]
[BlackElo "1760"]
[PlyCount "59"]
[EventDate "2019.12.26"]
[EventType "swiss"]
[EventRounds "9"]
[EventCountry "NCA"]
[SourceTitle "CBM 195 Extra"]
[Source "ChessBase"]
[SourceDate "2020.05.31"]
[SourceVersion "1"]
[SourceVersionDate "2020.05.31"]
[SourceQuality "1"]

1. e4 c5 2. Nf3 d6 3. d4 cxd4 4. Nxd4 Nf6 5. Nc3 a6 6. Be3 e5 7. Nb3 Be7 8. f3 Be6 9. Qd2 Nbd7 10. 0-0-0 Qc7 11. g4 h6 12. h4 Rc8 13. Kb1 b5 14. Bd3 b4 15. Ne2 a5 16. g5 Ng8 17. f4 a4 18. f5 Bxb3 19. axb3 axb3 20. cxb3 Qa5 21. Bc4 Rb8 22. Ng3 Nb6 23. Bxb6 Rxb6 24. Qe2 Qa7 25. Qh5 Bf8 26. Rc1 d5 27. Bxd5 g6 28. fxg6 fxg6 29. Rc8+ Ke7 30. Qf3 1-0